L'autobiographie : Écriture de soi et sincérité (notice n° 1567275)

détails MARC
000 -LEADER
fixed length control field 01026cam a2200133 4500500
005 - DATE AND TIME OF LATEST TRANSACTION
control field 20251214002641.0
041 ## - LANGUAGE CODE
Language code of text/sound track or separate title fre
042 ## - AUTHENTICATION CODE
Authentication code dc
100 10 - MAIN ENTRY--PERSONAL NAME
Personal name Miraux, Jean-Philippe
Relator term author
245 00 - TITLE STATEMENT
Title L'autobiographie : Écriture de soi et sincérité
260 ## - PUBLICATION, DISTRIBUTION, ETC.
Name of publisher, distributor, etc. Armand Colin,<br/>
Date of publication, distribution, etc. 2009.<br/>
520 ## - SUMMARY, ETC.
Summary, etc. Quelles sont les raisons profondes qui poussent un homme à écrire rétrospectivement l'histoire de sa vie ? Quels sont les enjeux d'un tel projet du triple point de vue de la création, de l'esthétique et de la réception ? À partir de la lecture des œuvres majeures du genre — notamment celles de Rousseau, de Stendhal, de Sartre et de Leiris —, ce livre tente de répondre aux questions fondamentales de l'écriture de soi. II interroge par ailleurs cette quête scripturaire qu'entreprend un écrivain lorsqu'il tente de lier autobiographie et création littéraire, récit de vie et œuvre d'art.
856 41 - ELECTRONIC LOCATION AND ACCESS
Uniform Resource Identifier <a href="https://shs.cairn.info/l-autobiographie--9782200243210?lang=fr&redirect-ssocas=7080">https://shs.cairn.info/l-autobiographie--9782200243210?lang=fr&redirect-ssocas=7080</a>

Pas d'exemplaire disponible.

PLUDOC

PLUDOC est la plateforme unique et centralisée de gestion des bibliothèques physiques et numériques de Guinée administré par le CEDUST. Elle est la plus grande base de données de ressources documentaires pour les Étudiants, Enseignants chercheurs et Chercheurs de Guinée.

Adresse

627 919 101/664 919 101

25 boulevard du commerce
Kaloum, Conakry, Guinée

Réseaux sociaux

Powered by Netsen Group @ 2025